000 00865aab a2200217 4500
001 768714001
003 CO-MdFUSB
005 20240618062715.0
008 170510s1993 cr ||||| |||| 00| 0 spa d
022 _a1409-1968
040 _aCO-MdFUSB
_bspa
_cCO-MdFUSB
_dCO-MdFUSB
041 _aspa
100 1 _aSmith, Oswald J.
_eautor
245 1 0 _a¡Aquel ujier audaz..!
_c/ Oswald J. Smith
300 _aVolumen 11. Número 1 (1993), páginas 34-36
_c: 27 cm.
520 _aEn este artículo se habla sobre la invitación que Dios le hizo a un pastor para dar una ofrenda misionera a la iglesia, ofrenda que superaba su presupuesto y recursos, pero aún así, fue obediente y Dios lo bendijo.
650 0 _aMisiones
_9154
773 0 _tApuntes Pastorales
_049442
_960184
_gVolumen 11. Número 1 (1993), páginas 34-36
_qPágina 34
942 _cANA
945 _aJTF-925
999 _c50685
_d50685